000 004980000a22002170004500
001 1941
003 CO-MdFUSB
005 20170615143125.0
008 170615b xxu||||| |||| 00| 0 eng d
020 _a9558-8089-82-4
040 _cCO-MdBIC
082 0 4 _a863C El82em
100 1 _aNatalia Carla
110 1 _aEditoriales el Tiempo
245 1 0 _aEl Traje del Emperador
260 _aColombia
300 _a56 Pag
500 _aCuento infantil
505 0 0 _aCuento clasico
942 _cLGB
999 _c49092
_d49092